| 000 | 00935nam a22002295i 4500 | ||
|---|---|---|---|
| 001 | 162707 | ||
| 003 | ES-MaACL | ||
| 005 | 20251114063123.0 | ||
| 008 | 050621s1894 sp o | |||||||| ||cat d | ||
| 040 |
_aCAM _bspa _cCAM |
||
| 080 | _a728.82(460.235 B.) | ||
| 100 | 1 |
_aPuiggarí, José, _d1821-1903 _9131424 |
|
| 245 | 1 | 0 |
_aMonografia de la casa Palau y Museu del Excm. Sr. D. Eusebi Güell y Bacigalupi ab motiu de la visita oficial feta per lo "centre" / _c[Joseph Puggiari]. |
| 260 |
_aBarcelona : _b[s.n.], _c1894 ( _fImp. y Llibrería de "L'Avenç") |
||
| 300 |
_a30 p., [8] h. de fot. ; _c25 cm. |
||
| 594 | _aMención de autor consta a fin de texto. | ||
| 594 | _aPrecede al tit.: Centre Excursionista de Catalunya. | ||
| 610 | 2 | 4 |
_aPalacio Güell. _9157058 |
| 852 |
_aES-MaACL _jT-846-F-7 _z-- Enc. hol., conservando la enc. original _z-- Enc. en un vol. facticio |
||
| 999 |
_c162707 _d162707 |
||